| 000 | 00705nam a22001337a 4500 | ||
|---|---|---|---|
| 040 | _cRUA | ||
| 082 | _aAVM KHL 2018 B658 Or.1 | ||
| 100 | _aKHLIT SENGHONG ឃ្លីត សេងហុង | ||
| 245 | _adetection and molecular charcterization of astroviruses in cave bats from kampot province ការស្វែងរក និងកំណត់អត្តសញ្ញាណម៉ូលេគុលនៃវីរុសអាស្រ្តូ លើសត្វចៀវ នៅខ្តេតកំពត | ||
| 260 |
_aRUA _bphnom penh _c2018 |
||
| 300 |
_ax;45p _bill; _c29cm |
||
| 856 | _uhttps://drive.google.com/file/d/1ek7TdL7OGJGa_yN5szcwhJme_MwTdYPL/view?usp=sharing | ||
| 942 | _cAVM | ||
| 999 |
_c18878 _d18878 |
||